| 000 | 01074cad a22002655a 4500 | ||
|---|---|---|---|
| 001 | L138664 | ||
| 008 | 070702s2007 xxk f 000 0 eng d | ||
| 035 | _a(Sirsi) u138664 | ||
| 041 | 0 | _aeng | |
| 050 | 0 | 4 | _a333.72 $2 18 |
| 100 | 1 | _aFisher, Rachel | |
| 245 | 0 | 0 |
_aSurveying sustainability _ba short guide for the property professional |
| 260 |
_aLondon _bRICS _c2007 |
||
| 520 | _aWritten for surveyors, this guide illustrates the impacts of sustainability on the property lifecycle and explains how the concept of sustainability relates to the different areas of surveying practice. Also provides further sources of information on various apsects of sustainability and lists the main tools used in the UK and Europe. | ||
| 590 | _aKA | ||
| 651 | 4 | _aInternational | |
| 690 | _aENVIRONMENTAL AND LAND CONSULTANCY-SUSTAINABILITY | ||
| 700 | 1 | _aColl, Liz | |
| 700 | 1 | _aPelly, Lorna | |
| 700 | 1 | _aPercy, Jerry | |
| 710 | 2 |
_aRoyal Institution of Chartered Surveyors _94900 |
|
| 710 | 2 |
_aGleeds _93285 |
|
| 710 | 2 |
_aForum for the Future _94135 |
|
| 942 |
_n0 _2ddc |
||
| 999 |
_c107219 _d107219 |
||